Statistics for Grey's Anatomy Specialties

Click here to take the quiz!

General Stats

  • This quiz has been taken 1,730 times
  • The average score is 16 of 20

Answer Stats

CharacterSpecialty% Correct
Meredith GreyGeneral
98%
Christina YangCardio-thoracic
98%
Derek ShepherdNeurology
97%
Miranda BaileyGeneral
97%
Richard WebberGeneral
90%
Owen HuntTrauma
88%
Jackson AveryPlastics
85%
Preston BurkeCardio-thoracic
85%
Maggie PierceCardio-thoracic
85%
Teddy AltmanCardio-thoracic
83%
April KepnerTrauma
83%
Mark SloanPlastics
82%
Erica HahnCardio-thoracic
80%
Alex KarevPediatrics
75%
Nathan RiggsCardio-thoracic
74%
Arizona RobbinsPediatrics
73%
Amelia ShepherdNeurology
70%
Callie TorresOrthopedics
65%
Ben WarrenGeneral/Anesthesiology
55%
Addison MontgomeryNeonatal
36%

Score Distribution

Percentile by Number Answered

Percent of People with Each Score

Your Score History

You have not taken this quiz